[Event "Lisbon Portugal op"]
[Site "Lisbon"]
[Date "2020.01.25"]
[Round "1"]
[White "Almeida, Angelo Jose Borges"]
[Black "Corbalan Gomez, Juan Jose"]
[Result "0-1"]
[WhiteElo "1669"]
[BlackElo "2243"]
[PlyCount "66"]
[EventDate "2020.01.25"]
[EventType "swiss"]
[EventRounds "9"]
[EventCountry "POR"]
[SourceTitle "EXT 2021"]
[Source "ChessBase"]
[SourceDate "2020.10.23"]
[SourceVersion "1"]
[SourceVersionDate "2020.10.23"]
[SourceQuality "1"]

1. d4 Nf6 2. Nf3 e6 3. Bg5 c5 4. e3 b6 5. Bd3 Bb7 6. Nbd2 Be7 7. 0-0 0-0 8. c3 d6 9. Re1 Nd5 10. Bxe7 Qxe7 11. e4 Nf4 12. Bb1 e5 13. a4 cxd4 14. cxd4 Nc6 15. g3 Nh3+ 16. Kg2 Ng5 17. d5 Nxf3 18. Nxf3 Nb4 19. a5 Qc7 20. Ra3 bxa5 21. Ree3 Qb6 22. Qa4 Rfc8 23. Rac3 Rxc3 24. Rxc3 Na6 25. Rb3 Qc7 26. Rc3 Nc5 27. b4 axb4 28. Qxb4 a5 29. Qb5 Rc8 30. Ra3 Ra8 31. Rc3 f6 32. Nd2 Ba6 33. Qb6 Qxb6 0-1

[Event "Seville op 45th"]
[Site "Seville"]
[Date "2020.01.16"]
[Round "7"]
[White "Das, Arghyadip"]
[Black "Corbalan Gomez, Juan Jose"]
[Result "1-0"]
[WhiteElo "2451"]
[BlackElo "2243"]
[PlyCount "115"]
[EventDate "2020.01.10"]
[EventType "swiss"]
[EventRounds "9"]
[EventCountry "ESP"]
[SourceTitle "CBM 194 Extra"]
[Source "ChessBase"]
[SourceDate "2020.03.31"]
[SourceVersion "1"]
[SourceVersionDate "2020.03.31"]
[SourceQuality "1"]

1. e4 c5 2. Nf3 Nc6 3. d4 cxd4 4. Nxd4 g6 5. c4 Bg7 6. Be3 Nf6 7. Nc3 0-0 8. Be2 d6 9. f3 Nxd4 10. Bxd4 Be6 11. 0-0 Qa5 12. Kh1 Rfc8 13. b3 Nd7 14. f4 Bxd4 15. Qxd4 f6 16. f5 Bf7 17. fxg6 hxg6 18. Bg4 Rd8 19. Bxd7 Rxd7 20. Nd5 Qc5 21. Qc3 Bxd5 22. exd5 Qc8 23. Rae1 Qf8 24. Qh3 Rc7 25. Re4 Qg7 26. Rfe1 b6 27. a4 Rf8 28. Qe3 Rf7 29. h4 Kh7 30. Qh3 Qh6 31. h5 Kg7 32. hxg6 Qxh3+ 33. gxh3 Kxg6 34. Rg4+ Kh7 35. Reg1 Kh8 36. Rg8+ Kh7 37. Kh2 Rb7 38. R8g4 Kh8 39. Kg3 Rg7 40. Kf4 Rxg4+ 41. Rxg4 Kh7 42. Kf5 Rc7 43. Ke6 Rb7 44. Kf7 Kh6 45. Rg8 Kh5 46. Ke6 Kh6 47. Re8 Kg6 48. Rxe7 Rxe7+ 49. Kxe7 f5 50. Kxd6 f4 51. Kc7 f3 52. d6 f2 53. d7 f1Q 54. d8Q Qxh3 55. Qd6+ Kh5 56. b4 Qb3 57. c5 Qxa4 58. c6 1-0

[Event "Lisbon Portugal op"]
[Site "Lisbon"]
[Date "2019.02.08"]
[Round "8"]
[White "Thompson, Ian D"]
[Black "Corbalan Gomez, Juan Jose"]
[Result "1-0"]
[WhiteElo "2122"]
[BlackElo "2235"]
[PlyCount "97"]
[EventDate "2019.02.02"]
[EventType "swiss"]
[EventRounds "9"]
[EventCountry "POR"]
[SourceTitle "CBM 188 Extra"]
[Source "ChessBase"]
[SourceDate "2019.02.26"]
[SourceVersion "1"]
[SourceVersionDate "2019.02.26"]
[SourceQuality "1"]

1. c4 e5 2. g3 Nf6 3. Bg2 d5 4. cxd5 Nxd5 5. Nf3 Nc6 6. 0-0 Nb6 7. Nc3 Be7 8. b3 0-0 9. Bb2 Be6 10. Rc1 f6 11. Ne4 a5 12. d4 exd4 13. Nxd4 Nxd4 14. Bxd4 Nd5 15. Nc5 Bxc5 16. Bxc5 Rf7 17. Qd3 Rd7 18. Be4 g6 19. Qf3 f5 20. Bb1 c6 21. Bd4 Nf6 22. Ba1 Kf7 23. e4 fxe4 24. Bxe4 Qe7 25. Rfe1 Rf8 26. Qc3 Kg8 27. Bg2 Qf7 28. Re3 h5 29. Rce1 Bf5 30. Qxa5 Nd5 31. Re5 Kh7 32. Qc5 Kg8 33. Qd4 Nf6 34. Qh4 Kh7 35. Qg5 Re8 36. Rxe8 Nxe8 37. Qe3 Ng7 38. h4 Ne6 39. Qe5 Ng7 40. Bf1 b5 41. Bg2 Rc7 42. Bd4 Rc8 43. Qd6 Ne6 44. Bc3 b4 45. Bxb4 c5 46. Bc3 Rd8 47. Qe5 Nd4 48. Qxc5 Nc2 49. Bf1 1-0

[Event "Lisbon Portugal op"]
[Site "Lisbon"]
[Date "2019.02.04"]
[Round "4"]
[White "Sukandar, Irine Kharisma"]
[Black "Corbalan Gomez, Juan Jose"]
[Result "1/2-1/2"]
[WhiteElo "2397"]
[BlackElo "2235"]
[PlyCount "109"]
[EventDate "2019.02.02"]
[EventType "swiss"]
[EventRounds "9"]
[EventCountry "POR"]
[SourceTitle "CBM 188 Extra"]
[Source "ChessBase"]
[SourceDate "2019.02.26"]
[SourceVersion "1"]
[SourceVersionDate "2019.02.26"]
[SourceQuality "1"]

1. e4 c5 2. Nf3 Nc6 3. d4 cxd4 4. Nxd4 g6 5. c4 Bg7 6. Be3 Nf6 7. Nc3 0-0 8. Be2 d6 9. f3 Bd7 10. Qd2 Nxd4 11. Bxd4 a5 12. h4 Bc6 13. 0-0-0 a4 14. Kb1 a3 15. b4 h5 16. Qe3 e5 17. Bc5 dxc5 18. Rxd8 Rfxd8 19. b5 Be8 20. Nd5 Nxd5 21. exd5 b6 22. g4 Ra4 23. Kc2 Bd7 24. Bd3 hxg4 25. fxg4 Rb4 26. Rb1 e4 27. Qxe4 Re8 28. Qf4 Rb2+ 29. Rxb2 axb2 30. h5 Re1 31. Kd2 b1Q 32. Bxb1 Rxb1 33. h6 Bd4 34. h7+ Kg7 35. h8Q+ Kxh8 36. Qxf7 Bxg4 37. Qxg6 Rd1+ 38. Kc2 Rg1 39. Qe8+ Kh7 40. Qe4+ Kg7 41. d6 Bf6 42. d7 Bh3 43. Qd3 Rg2+ 44. Kb3 Rb2+ 45. Ka3 Rb4 46. Qd2 Bxd7 47. Qxd7+ Kg6 48. Qg4+ Kf7 49. Qf4 Kg6 50. Qd6 Kf5 51. Qf8 Kg6 52. Qg8+ Kf5 53. Qh7+ Kg5 54. Qg8+ Kf5 55. Qd5+ 1/2-1/2

[Event "Lisbon Portugal op"]
[Site "Lisbon"]
[Date "2018.02.05"]
[Round "5"]
[White "Corbalan Gomez, Juan Jose"]
[Black "Gratze, Michael"]
[Result "1-0"]
[WhiteElo "2245"]
[BlackElo "1968"]
[PlyCount "61"]
[EventDate "2018.02.03"]
[EventType "swiss"]
[EventRounds "9"]
[EventCountry "POR"]
[SourceTitle "EXT 2019"]
[Source "ChessBase"]
[SourceDate "2018.10.10"]
[SourceVersion "1"]
[SourceVersionDate "2018.10.10"]
[SourceQuality "1"]

1. e4 c5 2. Nf3 d6 3. d4 cxd4 4. Nxd4 Nf6 5. Nc3 g6 6. Be3 Bg7 7. f3 0-0 8. Qd2 Nc6 9. Bc4 Bd7 10. 0-0-0 Rb8 11. g4 b5 12. Nxc6 Bxc6 13. Be2 b4 14. Nd5 Bxd5 15. exd5 Qa5 16. Bc4 Rfc8 17. Bb3 Nd7 18. Kb1 Nc5 19. Qe1 Nxb3 20. cxb3 Rb5 21. Qd2 Qa6 22. Qd3 Bxb2 23. Kxb2 Rc3 24. Qd4 Qa3+ 25. Kb1 Ra5 26. Rd2 Rac5 27. Rb2 Qa5 28. Rd1 Qc7 29. Bd2 Rc2 30. Rxc2 Rxc2 31. Rc1 1-0

[Event "Seville op 41st"]
[Site "Seville"]
[Date "2016.01.16"]
[Round "9.7"]
[White "Xu, Xiangyu"]
[Black "Corbalan Gomez, Juan Jose"]
[Result "1-0"]
[WhiteElo "2466"]
[BlackElo "2274"]
[PlyCount "89"]
[EventDate "2016.01.08"]
[EventType "swiss"]
[EventRounds "9"]
[EventCountry "ESP"]
[SourceTitle "CBM 170 Extra"]
[Source "ChessBase"]
[SourceDate "2016.02.25"]
[SourceVersion "1"]
[SourceVersionDate "2016.02.25"]
[SourceQuality "1"]

1. e4 c5 2. Nf3 Nc6 3. d4 cxd4 4. Nxd4 g6 5. c4 Bg7 6. Be3 d6 7. Nc3 Nh6 8. Be2 f5 9. exf5 Nxf5 10. Nxf5 Bxf5 11. Qd2 Qa5 12. Rc1 Rc8 13. 0-0 Be6 14. Rfd1 0-0 15. b3 b6 16. Nd5 Qxd2 17. Rxd2 h5 18. h3 Kh7 19. Bg5 Bh6 20. Bxh6 Kxh6 21. Re1 Bxd5 22. Rxd5 Ne5 23. h4 Rf6 24. Rd2 Rcf8 25. Bd1 R8f7 26. Re3 Kg7 27. Kf1 Kf8 28. Bc2 Ng4 29. Ree2 e5 30. a4 Rc7 31. Rd5 Rc5 32. Be4 Nh6 33. a5 Rxa5 34. Rxa5 bxa5 35. Ra2 Nf5 36. Bxf5 Rxf5 37. Rxa5 Rf7 38. Ra6 Rd7 39. Ke2 Ke7 40. Kd3 Rc7 41. b4 Rb7 42. Kc3 Rc7 43. Kb3 Rb7 44. f3 Kd7 45. g3 1-0

[Event "Seville op 41st"]
[Site "Seville"]
[Date "2016.01.14"]
[Round "7"]
[White "Hidalgo Begines, Daniel"]
[Black "Corbalan Gomez, Juan Jose"]
[Result "0-1"]
[WhiteElo "2037"]
[BlackElo "2274"]
[PlyCount "82"]
[EventDate "2016.01.08"]
[EventType "swiss"]
[EventRounds "9"]
[EventCountry "ESP"]
[SourceTitle "CBM 170 Extra"]
[Source "ChessBase"]
[SourceDate "2016.02.25"]
[SourceVersion "1"]
[SourceVersionDate "2016.02.25"]
[SourceQuality "1"]

1. Nf3 Nf6 2. d4 e6 3. c4 b6 4. Nc3 Bb4 5. Qc2 Bb7 6. e3 0-0 7. Bd2 Bxc3 8. Bxc3 Ne4 9. Be2 f5 10. 0-0 d6 11. Rad1 Nd7 12. b3 Nxc3 13. Qxc3 Qf6 14. Ne1 e5 15. dxe5 Nxe5 16. Qd4 a5 17. Nf3 a4 18. b4 f4 19. e4 Nd7 20. Qxf6 Nxf6 21. e5 dxe5 22. Nxe5 Rfe8 23. Bf3 Bxf3 24. Nxf3 Re2 25. a3 Rae8 26. Rd2 Rxd2 27. Nxd2 Re2 28. Rd1 Ng4 29. h3 Nxf2 30. Kf1 Nxd1 31. Kxe2 Ne3 32. g3 Nc2 33. gxf4 Nxa3 34. Kd3 b5 35. cxb5 Nxb5 36. Kc4 Nd6+ 37. Kd5 a3 38. Nb3 a2 39. Kc6 Ne8 40. Kd7 Kf7 41. Na1 Nf6+ 0-1

[Event "Benidorm Tecnologico op"]
[Site "Benidorm"]
[Date "2007.??.??"]
[Round "7"]
[White "Palacios Perez, Jose Luis"]
[Black "Corbalan Gomez, Juan Jose"]
[Result "1-0"]
[WhiteElo "1965"]
[BlackElo "2140"]
[PlyCount "111"]
[EventDate "2007.11.??"]
[EventType "swiss"]
[EventRounds "7"]
[EventCountry "ESP"]
[SourceTitle "EXT 2010"]
[Source "ChessBase"]
[SourceDate "2010.11.25"]
[SourceVersion "1"]
[SourceVersionDate "2010.11.25"]
[SourceQuality "1"]

1. d4 d5 2. c4 c6 3. Nf3 Nf6 4. Nc3 dxc4 5. a4 Bf5 6. e3 e6 7. Bxc4 Bb4 8. 0-0 Nbd7 9. Qe2 Bg6 10. e4 0-0 11. Bd3 h6 12. Bf4 Rc8 13. Rfd1 a6 14. h3 Re8 15. Bc2 Qe7 16. a5 c5 17. d5 e5 18. Bg3 c4 19. Bh4 Bh5 20. g4 Bg6 21. Ba4 Red8 22. Bxd7 Rxd7 23. Ra4 Rdd8 24. Bxf6 gxf6 25. Na2 Bd6 26. Nd2 Qd7 27. Nc3 Kg7 28. Nxc4 Bc5 29. Rd3 Rh8 30. Rg3 Rhg8 31. Ra1 Bd4 32. Rc1 Bc5 33. Kg2 Bd4 34. b3 Rgd8 35. h4 Qe7 36. d6 Qf8 37. Rf3 Bc5 38. Nd5 Bxd6 39. h5 Bh7 40. Rxf6 Rc6 41. Qe3 Kh8 42. Nxd6 Rdxd6 43. Rxd6 Qxd6 44. f3 Kg7 45. g5 Kh8 46. Rxc6 bxc6 47. Nf6 Qe7 48. Qb6 Qd6 49. Qxa6 Qd2+ 50. Kh3 Kg7 51. Qxc6 Qxg5 52. Ng4 Qd2 53. Qf6+ Kf8 54. Nxe5 Ke8 55. Qxf7+ Kd8 56. Qxh7 1-0

[Event "Seville op 31st"]
[Site "Seville"]
[Date "2006.01.08"]
[Round "2"]
[White "Rizouk, Aimen"]
[Black "Corbalan Gomez, Juan Jose"]
[Result "1-0"]
[WhiteElo "2500"]
[BlackElo "2057"]
[PlyCount "53"]
[EventDate "2006.01.07"]
[EventType "swiss"]
[EventRounds "9"]
[EventCountry "ESP"]
[SourceTitle "CBM 110 Extra"]
[Source "ChessBase"]
[SourceDate "2006.03.10"]
[SourceVersion "2"]
[SourceVersionDate "2006.03.10"]
[SourceQuality "1"]

1. e4 e5 2. Nf3 Nc6 3. Bc4 Be7 4. c3 Nf6 5. d3 0-0 6. 0-0 d6 7. a4 Be6 8. Nbd2 h6 9. Re1 Qd7 10. Nf1 a6 11. Ng3 Rfd8 12. Bb3 Bf8 13. Bc2 b5 14. h3 Qc8 15. d4 exd4 16. cxd4 Nb4 17. Bb1 bxa4 18. Rxa4 Qb7 19. Bd2 c5 20. Bc3 d5 21. e5 Nd7 22. dxc5 Bxc5 23. Nd4 Nc6 24. Nxe6 fxe6 25. Rg4 Nf8 26. Nh5 g5 27. h4 1-0

[Event "Las Palmas op"]
[Site "Las Palmas"]
[Date "2005.12.02"]
[Round "9"]
[White "Barrio Pareja, Eduardo"]
[Black "Corbalan Gomez, Juan Jose"]
[Result "1/2-1/2"]
[WhiteElo "2006"]
[BlackElo "2057"]
[PlyCount "51"]
[EventDate "2005.11.25"]
[EventType "swiss"]
[EventRounds "9"]
[EventCountry "ESP"]
[SourceTitle "CBM 109 Extra"]
[Source "ChessBase"]
[SourceDate "2006.01.03"]
[SourceVersion "2"]
[SourceVersionDate "2006.01.03"]
[SourceQuality "1"]

1. e4 d6 2. d4 Nf6 3. Nc3 g6 4. Be3 Bg7 5. f3 c6 6. Qd2 0-0 7. g4 b5 8. 0-0-0 Qa5 9. Kb1 b4 10. Nce2 Be6 11. Nc1 Nbd7 12. Nge2 Nb6 13. Ng3 Bc4 14. Bh6 Bxf1 15. Bxg7 Kxg7 16. Rdxf1 Nc4 17. Qd3 Qb5 18. g5 Nd7 19. f4 e5 20. f5 exd4 21. f6+ Kh8 22. h4 Nde5 23. Qxd4 Qb6 24. Qxb6 axb6 25. Rf2 h5 26. gxh6 1/2-1/2

[Event "Las Palmas op"]
[Site "Las Palmas"]
[Date "2005.11.28"]
[Round "5.17"]
[White "Rodriguez Lopez, Rafael"]
[Black "Corbalan Gomez, Juan Jose"]
[Result "1-0"]
[WhiteElo "2246"]
[BlackElo "2057"]
[PlyCount "35"]
[EventDate "2005.11.25"]
[EventType "swiss"]
[EventRounds "9"]
[EventCountry "ESP"]
[SourceTitle "CBM 109 Extra"]
[Source "ChessBase"]
[SourceDate "2006.01.03"]
[SourceVersion "2"]
[SourceVersionDate "2006.01.03"]
[SourceQuality "1"]

1. Nf3 d6 2. c4 e5 3. Nc3 Nc6 4. d4 Bg4 5. d5 Bxf3 6. exf3 Nce7 7. Qb3 Qc8 8. Bd3 Nf6 9. 0-0 Ng6 10. Re1 Be7 11. f4 Nxf4 12. Bxf4 exf4 13. c5 Nd7 14. cxd6 cxd6 15. Bf5 g6 16. Nb5 Kf8 17. Rac1 Nc5 18. Qc3 1-0

[Event "Las Palmas op"]
[Site "Las Palmas"]
[Date "2005.11.25"]
[Round "1.2"]
[White "Peralta, Fernando"]
[Black "Corbalan Gomez, Juan Jose"]
[Result "1-0"]
[WhiteElo "2535"]
[BlackElo "2057"]
[PlyCount "73"]
[EventDate "2005.11.25"]
[EventType "swiss"]
[EventRounds "9"]
[EventCountry "ESP"]
[SourceTitle "CBM 109 Extra"]
[Source "ChessBase"]
[SourceDate "2006.01.03"]
[SourceVersion "2"]
[SourceVersionDate "2006.01.03"]
[SourceQuality "1"]

1. d4 Nf6 2. c4 g6 3. Nc3 Bg7 4. e4 d6 5. Nf3 0-0 6. Be2 e5 7. Be3 Ng4 8. Bg5 f6 9. Bh4 Nh6 10. d5 a5 11. Nd2 Qe8 12. f3 f5 13. 0-0 Na6 14. a3 Bd7 15. b3 Nf7 16. Rb1 g5 17. Bf2 f4 18. b4 axb4 19. axb4 b6 20. Nb5 h5 21. Ra1 Qc8 22. Ra4 Qb7 23. Qc2 Kh8 24. Qc3 Rfc8 25. Rfa1 c6 26. dxc6 Bxc6 27. Qb3 Bf8 28. Nb1 d5 29. cxd5 Bxb5 30. Bxb5 Rc1+ 31. Bf1 b5 32. R4a2 Bd6 33. Nc3 Rxa1 34. Rxa1 Nxb4 35. Rxa8+ Qxa8 36. Nxb5 Bf8 37. d6 1-0

[Event "Seville op 28th"]
[Site "Seville"]
[Date "2003.01.11"]
[Round "2"]
[White "Corbalan Gomez, Juan Jose"]
[Black "Wang, Yue"]
[Result "0-1"]
[WhiteElo "2075"]
[BlackElo "2492"]
[PlyCount "76"]
[EventDate "2003.01.10"]
[EventType "swiss"]
[EventRounds "9"]
[EventCountry "ESP"]
[SourceTitle "CBM 092 Extra"]
[Source "ChessBase"]
[SourceDate "2003.03.07"]
[SourceVersion "1"]
[SourceVersionDate "2003.03.07"]
[SourceQuality "1"]

1. e4 c5 2. Nf3 d6 3. d4 Nf6 4. Nc3 cxd4 5. Nxd4 a6 6. Be3 e5 7. Nb3 Be6 8. a4 Ng4 9. Nd5 Nxe3 10. Nxe3 Nd7 11. c4 Be7 12. Bd3 Bg5 13. Nd5 Bxd5 14. exd5 0-0 15. h4 Bh6 16. Qc2 g6 17. h5 Qg5 18. f3 Rae8 19. Kd1 f5 20. Qd2 e4 21. Qxg5 Bxg5 22. Be2 exf3 23. Bxf3 Ne5 24. Nd4 Nxc4 25. Ne6 Bf6 26. Nxf8 Kxf8 27. hxg6 hxg6 28. Rh7 Nxb2+ 29. Kc2 Rc8+ 30. Kb3 Rc3+ 31. Ka2 Nc4 32. Rah1 Ra3+ 33. Kb1 Ne3 34. Kc1 Bg7 35. Kd2 Nc4+ 36. Ke2 Ra2+ 37. Kd3 b5 38. axb5 axb5 0-1